000
00297nam a22001337a 4500
008
170622b xxu||||| |||| 00| 0 eng d
020
_a
9780131330467
041
_a
eng
080
_a
328
100
_a
21
101
_a
SHP
245
_a
DIVERSITY AMID GLOBALIZATION
_c
LEWIS.R
942
_2
udc
_c
BK
999
_c
18687
_d
18687